INFORME FINAL DEL EJERCICIO PROFESIONAL SUPERVISADO REALIZADO EN LA MUNICIPALIDAD DE TACTIC, ALTA VERAPAZ/ (Registro nro. 1231)

Detalles MARC
000 -LEADER
campo de control de longitud fija 03040nam a22003257a 4500
001 - NÚMERO DE CONTROL
campo de control EPSCPA 0004
003 - IDENTIFICADOR DE NÚMERO DE CONTROL
campo de control gtcocun
005 - FECHA Y HORA DE LA ÚLTIMA TRANSACCIÓN
campo de control 20250820174808.0
006 - CÓDIGOS DE INFORMACIÓN DE LONGITUD FIJA--CARACTERÍSTICAS DEL MATERIAL ADICIONAL
campo de control de longitud fija a||||gr|||| 00| 0
007 - CAMPO FIJO DE DESCRIPCIÓN FÍSICA--INFORMACIÓN GENERAL
campo de control de longitud fija ta
008 - DATOS DE LONGITUD FIJA--INFORMACIÓN GENERAL
campo de control de longitud fija 250820b2015 gt ||||| m||| 00| 0 eng d
040 ## - FUENTE DE CATALOGACIÓN
Centro catalogador/agencia de origen gtcocun
Lengua de catalogación SPA
Centro/agencia transcriptor gtcocun
Normas de descripción RDA
041 ## - CÓDIGO DE IDIOMA
Código de lengua del texto/banda sonora o título independiente SPA EPSCPA 0004
084 ## - OTRO NÚMERO DE CLASIFICACIÓN
Número de control del registro de autoridad o número normalizado EPSCPA 0004
100 ## - ENTRADA PRINCIPAL--NOMBRE DE PERSONA
Nombre de persona Ibarra Flores, Sindy del Rosario
Término indicativo de función/relación Autor
245 ## - MENCIÓN DEL TÍTULO
Título INFORME FINAL DEL EJERCICIO PROFESIONAL SUPERVISADO REALIZADO EN LA MUNICIPALIDAD DE TACTIC, ALTA VERAPAZ/
Mención de responsabilidad, etc. Sindy del Rosario Ibarra Flores.
Medio Impreso
264 ## - PRODUCCIÓN, PUBLICACIÓN, DISTRIBUCIÓN, FABRICACIÓN Y COPYRIGHT
Producción, publicación, distribución, fabricación y copyright Cobán, Alta Verapaz:
Nombre del de productor, editor, distribuidor, fabricante Universidad de San Carlos de Guatemala, Centro Universitario del Norte, Carrera de Contaduría Pública y Auditoría
Fecha de producción, publicación, distribución, fabricación o copyright 2015
300 ## - DESCRIPCIÓN FÍSICA
Extensión 119 p.:
Otras características físicas Ilustraciones, gráficas.
Dimensiones 28 cm;
336 ## - TIPO DE CONTENIDO
Fuente rdacontenido
Término de tipo de contenido Texto
Código de tipo de contenido txt
337 ## - TIPO DE MEDIO
Fuente rdamedio
Nombre/término del tipo de medio Computadora
Código del tipo de medio n
338 ## - TIPO DE SOPORTE
Fuente rdasoporte
Nombre/término del tipo de soporte Código en línea
Código del tipo de soporte cr
502 ## - NOTA DE TESIS
identificador de la tesis EPSCPA 0004
502 ## - NOTA DE TESIS
Nota de tesis Tesis de grado
Tipo de título Carrera de Contaduría Pública y Auditoría,
Nombre de la institución que otorga el título Universidad de San Carlos de Guatemala, Centro Universitario del Norte, Carrera de Contaduría Pública y Auditoría
Año de obtención del título 2015
Identificador de la tesis EPSCPA 0004
520 14 - RESUMEN, ETC.
Sumario, etc. La Universidad de San Carlos de Guatemala, a través del Centro Universitario del Norte y la carrera de Contaduría Pública y Auditoría tiene como objetivo llevar a cabo el programa del Ejercicio Profesional Supervisado, basado en el conocimiento de la problemática socioeconómica del país.<br/><br/>El presente informe contiene los resultados de las actividades realizadas durante el año 2015 en la Municipalidad de Tactic, Alta Verapaz, el proceso inició con el diagnóstico que permitió evaluar el control interno de la Dirección Financiera Integrada Municipal.<br/><br/>El proceso del Ejercicio Profesional Supervisado, incluyó la ejecución de una auditoria especial de caja y bancos de formas oficiales 7-B y 31-B específicamente en la Dirección de Administración Financiera Integrada Municipal (DAFIM).<br/><br/>Tomando en cuenta que el control interno es básicamente importante en la administración financiera y gestión de cobros municipales; seevaluó el cumplimiento de los procesos y se realizó un examen crítico de las transacciones hechas, basado en los manuales, leyes y reglamentos.<br/><br/>Se realizó la auditoria para minimizar el riesgo en los procesos de gestión de cobros utilizando técnicas y procedimientos en tres (3) etapas: La primera etapa es la de iniciación, en la que incluyó el estudio preliminar de la entidad y la planificación del trabajo, la segunda etapa correspondió a la ejecución y la tercera etapa que fue la preparación y presentación del informe final.<br/>
650 14 - PUNTO DE ACCESO ADICIONAL DE MATERIA--TÉRMINO DE MATERIA
Fuente del encabezamiento o término LEMB
Término de materia o nombre geográfico como elemento de entrada Tactic, Alta Verapaz
Subdivisión general Auditoría
-- Municipalidad de Tactic
-- Diagnóstico
-- Control interno
-- Auditoría especial de caja y bancos
-- Leyes y reglamentos
700 ## - ENTRADA AGREGADA--NOMBRE PERSONAL
Término indicativo de función/relación Asesor
856 ## - LOCALIZACIÓN Y ACCESO ELECTRÓNICOS
Identificador Uniforme de Recurso <a href="Sin archivo en línea ">Sin archivo en línea </a>
Nota pública Sin archivo en línea
942 ## - ELEMENTOS DE ENTRADA SECUNDARIOS (KOHA)
Fuente de la clasificación o esquema de estantería Clasificación Decimal Dewey
Tipo de ítem Koha TESIS
Parte de la signatura que identifica el ejemplar (Parte del ítem) EPSCPA 0004
Prefijo de la signatura Clasificación
Suprimir en OPAC No
-- EPSCPA_0004_000000000000000
Existencias
Estatus retirado Estado de pérdida Fuente de la clasificación o esquema de estantería Estado de daño No para préstamo Colección Biblioteca de origen Biblioteca actual Ubicación en estantería Fecha de adquisición Número de inventario Total de préstamos Signatura topográfica completa Código de barras Visto por última vez Precio de reemplazo Tipo de ítem Koha
    Clasificación Decimal Dewey     tesis BIBLIOTECA- CUNOR -JOSÉ LUIS GONZALES ROSALES BIBLIOTECA- CUNOR -JOSÉ LUIS GONZALES ROSALES Colección tesis 20/08/2025 EPSCPA 0004   EPSCPA 0004 EPSCPA 0004 20/08/2025 20/08/2025 TESIS